Muntakhab-al-Iubab, ed by Kabir al-Din Ahmad 3 Pts. (Record no. 923099)

MARC details
000 -LEADER
fixed length control field 00619nam a2200229Ia 4500
003 - CONTROL NUMBER IDENTIFIER
control field OSt
005 - DATE AND TIME OF LATEST TRANSACTION
control field 20221002053745.0
008 - FIXED-LENGTH DATA ELEMENTS--GENERAL INFORMATION
fixed length control field 220930b |||||||| |||| 00| 0 per d
037 ## - SOURCE OF ACQUISITION
Terms of availability Reference Collections
040 ## - CATALOGING SOURCE
Original cataloging agency CRL
Transcribing agency CRL
Language of cataloging per
041 ## - LANGUAGE CODE
Source of code per
Language code of text/sound track or separate title per
100 ## - MAIN ENTRY--PERSONAL NAME
Personal name Khafi Khan
245 #0 - TITLE STATEMENT
Title Muntakhab-al-Iubab, ed by Kabir al-Din Ahmad 3 Pts.
260 ## - PUBLICATION, DISTRIBUTION, ETC.
Date of publication, distribution, etc. 1870
650 ## - SUBJECT ADDED ENTRY--TOPICAL TERM
Topical term or geographic name entry element HISTORY
942 ## - ADDED ENTRY ELEMENTS (KOHA)
Classification part V2:1:L4, 164A,1-.3(RR)
Koha item type
Source of classification or shelving scheme Colon Classification (CC)

No items available.

Copyright @ Delhi University Library System